| 000 | 00530nam a2200193Ia 4500 | ||
|---|---|---|---|
| 999 |
_c6239 _d6239 |
||
| 003 | OSt | ||
| 005 | 20200227105130.0 | ||
| 008 | 151021s9999 xx 000 0 und d | ||
| 020 | _a8.1112032674e+011 | ||
| 040 |
_aMMU _beng _cMMU _dMMU |
||
| 050 | _aSB 950.3 .C75 2005 | ||
| 100 | _aChaube, H.S | ||
| 245 |
_a_Crop Diseases and Their Management/ _cH.S Chaube. |
||
| 260 |
_aIndia: _bPrentice Hall, _c2005. |
||
| 300 |
_axix, 703 p.: _bill.; |
||
| 500 | _ainclude Index | ||
| 650 | _a_Crop Diseases | ||
| 942 |
_2lcc _cLOAN LOAN |
||